Ratan Tata : A Life (Record no. 369789)

MARC details
000 -LEADER
fixed length control field 00441nam a2200169 4500
005 - DATE AND TIME OF LATEST TRANSACTION
control field 20260108163340.0
008 - FIXED-LENGTH DATA ELEMENTS--GENERAL INFORMATION
fixed length control field 260108b |||||||| |||| 00| 0 eng d
020 ## - INTERNATIONAL STANDARD BOOK NUMBER
International Standard Book Number 978-93-5629-569-8
041 ## - LANGUAGE CODE
Language code of text/sound track or separate title English
082 ## - DEWEY DECIMAL CLASSIFICATION NUMBER
Classification number X 920 MAT
Item number B12139
100 ## - MAIN ENTRY--PERSONAL NAME
Author Mathew, Thomas
245 ## - TITLE STATEMENT
Title Ratan Tata : A Life
260 ## - PUBLICATION, DISTRIBUTION, ETC.
Place of publication, distribution, etc. Haryana
Name of publisher, distributor, etc. HarperCollins Publisher
Date of publication, distribution, etc. 2024
300 ## - PHYSICAL DESCRIPTION
Extent xv,671p
Other physical details HB
365 ## - TRADE PRICE
Price type code Rupaye
Price amount 990
Currency code INR
942 ## - ADDED ENTRY ELEMENTS (KOHA)
Koha item type Books
Holdings
Withdrawn status Lost status Source of classification or shelving scheme Damaged status Not for loan Collection code Home library Current library Date acquired Vendor Net Price Bill number Total Checkouts Full call number Barcode Date last seen Discount Actual Price Bill Date Koha item type Original Barcode
    Dewey Decimal Classification     Non-fiction Smt. Bakul Tambat Institute of Nursing Education Smt. Bakul Tambat Institute of Nursing Education 30/12/2025 Amazon(online) 171-3949150-7211503 960.30 XIA4-97432   X 920 MAT B12139 BTIN-BK-12139 08/01/2026 29.70 990.00 17/11/2025 Books BTIN-BK-12139